भूकंप (Record no. 290726)

MARC details
000 -LEADER
fixed length control field 00695nam a2200169Ia 4500
008 - FIXED-LENGTH DATA ELEMENTS--GENERAL INFORMATION
fixed length control field 090711s9999 xx 000 0 und d
082 ## - DEWEY DECIMAL CLASSIFICATION NUMBER
Item number 78781
100 ## - MAIN ENTRY--PERSONAL NAME
Personal name सहस्त्रबुद्धे य. शि. / राजुरकर सु. त्रि.
245 ## - TITLE STATEMENT
Title भूकंप
260 ## - PUBLICATION, DISTRIBUTION, ETC. (IMPRINT)
Name of publisher, distributor, etc कॉन्टीनेन्टल प्रकाशन
Date of publication, distribution, etc 1995
300 ## - PHYSICAL DESCRIPTION
Extent 111
600 ## - SUBJECT ADDED ENTRY--PERSONAL NAME
Personal name सहस्त्रबुद्धे य. शि. / राजुरकर सु. त्रि.
630 ## - SUBJECT ADDED ENTRY--UNIFORM TITLE
Uniform title भूकंप
700 ## - ADDED ENTRY--PERSONAL NAME
Personal name सहस्त्रबुद्धे य. शि. / राजुरकर सु. त्रि.
730 ## - ADDED ENTRY--UNIFORM TITLE
Uniform title भूकंप
942 ## - ADDED ENTRY ELEMENTS (KOHA)
Koha item type Book
Holdings
Withdrawn status Lost status Damaged status Not for loan Home library Current library Date acquired Cost, normal purchase price Total Checkouts Full call number Barcode Date last seen Cost, replacement price Price effective from Koha item type
        Dadar Sarvajanik Vachanalaya, Dardar Dadar Sarvajanik Vachanalaya, Dardar 04/01/1996 60.00   78781 DASAVA-78781 07/11/2009 60.00 07/11/2009 Book